000 00648nam a2200277Ia 4500
005 20260324114938.0
008 008 260324s9999 xx 000 0 eng d
020 _a9781003090601
037 _aEBOOK
040 _aCRL
040 _beng
040 _cCRL
041 _2eng
041 _aeng
084 _qCRL
100 _aYeong Koo Yeo
_91152769
245 0 _aChemical Engineering Computation with MATLABĀ®
260 _bTaylor and Francis
260 _c2020
365 _a
365 _b305
856 _uhttp://www.taylorfrancis.com/books/9781003090601
942 _cEBOOK
999 _c1743269
_d1743269